Normal view
MARC view
- Fisher, Melanie,
Entry Personal Name
001 - CONTROL NUMBER
- control field: 5909
003 - CONTROL NUMBER IDENTIFIER
- control field: URS
005 - DATE AND TIME OF LATEST TRANSACTION
- control field: 20240718184808.0
008 - FIXED-LENGTH DATA ELEMENTS
- fixed length control field: 240718|| aca||aabn | a|a d
040 ## - CATALOGING SOURCE
- Original cataloging agency: URS
100 ## - HEADING--PERSONAL NAME
- Personal name: Fisher, Melanie,
- Relator term: author.